000 00698nam a2200253Ia 4500
003 OSt
005 20221005122429.0
006 a|||||r|||| 00| 0
007 ta
008 221004b |||||||| |||| 00| 0 san d
024 _a43356
037 _cTextual
040 _aCRL
_cCRL
_bsan
041 _2san
_asan
082 _aO15:1B2:1:1x, H4
100 _aDevabodhacarya
_9631974
245 0 _aJnanadipika
_b Mahabharata-Tatparya-Tika ed by Sushil Kumar De
260 _c1944
490 _aBharatiya Vidya series; 3
650 _a ENGLISH LITERATURE
650 _aSANSKRIT LITERATURE
942 _hO15:1B2:1:1x, H4
_cTEXL
_2cc
999 _c1044272
_d1044272